Statistics for dogs

Click here to take the quiz!

General Stats

  • This quiz has been taken 3 times
  • The average score is 2 of 8

Answer Stats

HintAnswer% Correct
dog that slobbers the mostSaint Bernard
67%
dog is tall and shinygreat Dahn
33%
dog that works on the farmsheep dog
33%
dog that is longsosig dog
33%
this dog we have at homeAm staff
0%
it has pointy earschihuahua
0%
dogs eat soft foodpupys
0%
the highest vertical jump dogSpitfire
0%

Score Distribution

Percentile by Number Answered

Percent of People with Each Score

Your Score History

You have not taken this quiz